| 000 | 00478nam a2200181Ia 4500 | ||
|---|---|---|---|
| 001 | 10316 | ||
| 005 | 20260306161823.0 | ||
| 008 | 260306t2012||||xx |||||||||||||| ||spa|| | ||
| 041 | _aESP | ||
| 082 |
_a920 _bA68 |
||
| 100 |
_aArce Espinoza, Mario Rommel _eAUT |
||
| 245 | 0 |
_aLa firma Manuel Muñoz Nájar: _bhistoria de una empresa familiar arequipeña |
|
| 260 | _c2012 | ||
| 300 |
_a138 páginas : _c21cm. |
||
| 650 | _aGEN | ||
| 654 | _aCHU | ||
| 942 |
_cLIB _dJUS _fJUS _2ddc _n |
||
| 999 |
_c10316 _d10316 |
||